000 00605ntaaa2200205 4500
003 01
005 20251027202538.0
008 0714s1973 ag 01
040 _aAR-BaBN
_bspa
_cAR-BaBN
_eaacr
_dRIC
082 _a979.2000 St2
100 _aStansbury, Howard
_924453
245 _aExploration and Survey of the Valley of the Great Salt Lake of Utah
250 _a1 ed.
260 _as.l. :
_bR. Armstrong,
_cc1853
300 _a495 p.
500 _aPrinted by the order of House of Representatives of the United States
650 _aUtah, U.S.A.
_924454
650 _aU.S.A., Utah
_924455
942 _cBK
999 _c20469
_d20469